000
00334 a2200157 4500
001
172192
020
_a
040
_c
Magnum
100
_a
Machado, Ana Maria
240
1
0
_a
Surpresa na sombra
_l
por
245
1
0
_a
Surpresa na sombra
362
0
_a
1899
440
1
_a
Melhoramentos
697
_a
I/AVENTURA, CRIANCAS
942
_c
BK
999
_c
172192
_d
172192